Online
Catalog

Ley de registro inmobiliario (No. 108-05) promulgada el 23 de marzo del 2005, Mod. por la ley 51-07, del 7 de agosto del 2007 : (Record no. 42211)

MARC details
000 -CABECERA
campo de control de longitud fija 00951nam a2200241 a 4500
001 - NÚMERO DE CONTROL
campo de control 000042722
003 - IDENTIFICADOR DEL NÚMERO DE CONTROL
campo de control DO-SdBNP
005 - FECHA Y HORA DE LA ÚLTIMA TRANSACCIÓN
campo de control 20240327092452.0
007 - CAMPO FIJO DE DESCRIPCIÓN FÍSICA--INFORMACIÓN GENERAL
campo de control de longitud fija ta
008 - DATOS DE LONGITUD FIJA--INFORMACIÓN GENERAL
campo de control de longitud fija 140206s200u dr 000 0 spa d
040 ## - FUENTE DE LA CATALOGACIÓN
Centro catalogador/agencia de origen DO-SdBNP
Lengua de catalogación spa
Centro/agencia transcriptor BNPHU
Normas de descripción rda
082 ## - NÚMERO DE LA CLASIFICACIÓN DECIMAL DEWEY
Número de edición 22
Número de documento/Ítem D542L
100 1# - ENTRADA PRINCIPAL--NOMBRE DE PERSONA
Nombre de persona Díaz, Máximo A.
9 (RLIN) 65694
Término indicativo de función/relación autor
245 10 - MENCIÓN DE TÍTULO
Título Ley de registro inmobiliario (No. 108-05) promulgada el 23 de marzo del 2005, Mod. por la ley 51-07, del 7 de agosto del 2007 :
Resto del título reglamentos de los tribunales superiores de tierras y de jurisdicción original de la jurisdicción inmobiliaria. General de registros de títulos /
Mención de responsabilidad, etc. Máximo A. Díaz.
260 ## - PUBLICACIÓN, DISTRIBUCIÓN, ETC.
Lugar de publicación, distribución, etc. [Santo Domingo] :
Nombre del editor, distribuidor, etc. Editora no indentificada
Fecha de publicación, distribución, etc. fecha no identificada
300 ## - DESCRIPCIÓN FÍSICA
Extensión 290 paginas ;
Dimensiones 21 cm.
336 ## - TIPO DE CONTENIDO
Fuente rdacontent
Término de tipo de contenido texto
Código de tipo de contenido txt
337 ## - TIPO DE MEDIO
Fuente rdamedia
Nombre/término del tipo de medio sin mediación
Código del tipo de medio n
338 ## - TIPO DE SOPORTE
Fuente rdacarrier
Nombre/término del tipo de soporte volumen
Código del tipo de soporte nc
590 ## - NOTA LOCAL (RLIN)
Nota local Inventariado, 2024/DG
910 ## - DATOS DE OPCIÓN DEL USUARIO (OCLC)
Datos de opción del usuario DG
942 ## - ELEMENTOS DE PUNTO DE ACCESO ADICIONAL (KOHA)
Fuente del sistema de clasificación o colocación Dewey Decimal Classification
Tipo de ítem Koha Libro
Holdings
Estado de retiro Estado de pérdida Fuente del sistema de clasificación o colocación Restricciones de uso No para préstamo Código de colección Localización permanente Ubicación/localización actual Ubicación en estantería Fecha de adquisición Fuente de adquisición Total de préstamos Signatura topográfica completa Código de barras Fecha visto por última vez Precio válido a partir de Tipo de ítem Koha Número de copia
    Dewey Decimal Classification Excluido de préstamo   Patrimonio Dominicano Biblioteca Nacional Pedro Henríquez Ureña Biblioteca Nacional Pedro Henríquez Ureña En catalogación 06.02.2014 donación   BNPHU PD D542 42722-10 25.06.2020 25.06.2020 Libro  
    Dewey Decimal Classification Excluido de préstamo   Patrimonio Dominicano Biblioteca Nacional Pedro Henríquez Ureña Biblioteca Nacional Pedro Henríquez Ureña En catalogación 27.03.2024 donación   BNPHU PD D542L 2024-1714 27.03.2024 27.03.2024 Libro e.2
    Dewey Decimal Classification Préstamo en sala   Dominicana de Servicio Biblioteca Nacional Pedro Henríquez Ureña Biblioteca Nacional Pedro Henríquez Ureña En catalogación 27.03.2024 donación   BNPHU DS D542L 2024-1715 27.03.2024 27.03.2024 Libro e.3

Powered by Koha